[Event "Szolnok Agora op 2nd"]
[Site "Szolnok"]
[Date "2023.07.02"]
[Round "7"]
[White "Gondor, Jakab"]
[Black "Szaloki, Arpad"]
[Result "0-1"]
[WhiteElo "1720"]
[BlackElo "2040"]
[PlyCount "70"]
[EventDate "2023.06.29"]
[EventType "swiss"]
[EventRounds "7"]
[EventCountry "HUN"]
[SourceTitle "EXT 2024"]
[Source "ChessBase"]
[SourceDate "2023.10.10"]
[SourceVersion "1"]
[SourceVersionDate "2023.10.10"]
[SourceQuality "1"]

1. d4 d5 2. c4 c6 3. Nc3 Nf6 4. Bf4 dxc4 5. a4 Nd5 6. Bg3 b5 7. e4 Nxc3 8. bxc3 e6 9. axb5 cxb5 10. Bxb8 Rxb8 11. Rxa7 Qb6 12. Qa1 Bb7 13. f3 Be7 14. Qa5 Qc6 15. Nh3 0-0 16. Qa1 Ra8 17. Rxa8 Rxa8 18. Qb2 b4 19. Be2 b3 20. Kf2 Ra2 21. Qb1 Qa4 22. Rc1 b2 23. Rc2 Ba3 24. Qxa2 Qxc2 25. Qxa3 b1Q 26. Qe7 h6 27. Qe8+ Kh7 28. Qxf7 Qcc1 29. Kg3 Qe1+ 30. Kg4 Qb5 31. Bxc4 h5+ 32. Kf4 Qh4+ 33. g4 Qxc4 34. Ng5+ Kh6 35. Nxe6 Qf6+ 0-1

[Event "Szolnok Agora op 2nd"]
[Site "Szolnok"]
[Date "2023.06.30"]
[Round "3"]
[White "Bende, Eniko Tunde"]
[Black "Gondor, Jakab"]
[Result "0-1"]
[WhiteElo "1359"]
[BlackElo "1720"]
[PlyCount "126"]
[EventDate "2023.06.29"]
[EventType "swiss"]
[EventRounds "7"]
[EventCountry "HUN"]
[SourceTitle "EXT 2024"]
[Source "ChessBase"]
[SourceDate "2023.10.10"]
[SourceVersion "1"]
[SourceVersionDate "2023.10.10"]
[SourceQuality "1"]

1. e4 e5 2. Nf3 Nc6 3. d4 exd4 4. Nxd4 Qh4 5. Nc3 Bb4 6. Ndb5 Qxe4+ 7. Qe2 Qxe2+ 8. Bxe2 Ba5 9. 0-0 a6 10. Na3 Nf6 11. Bg5 Bxc3 12. bxc3 Ne4 13. Bf4 Nxc3 14. Rfe1 Kd8 15. Bc4 d5 16. Bb3 Be6 17. Bd2 Ne4 18. Rad1 Nf6 19. Bg5 Ne7 20. Bxf6 gxf6 21. c4 c6 22. cxd5 Nxd5 23. Bxd5 Bxd5 24. Nc4 Re8 25. Rxe8+ Kxe8 26. Nd6+ Ke7 27. Nxb7 Bxa2 28. Na5 Bd5 29. h3 Rb8 30. Kh2 Rb5 31. Ra1 Kd6 32. Nxc6 Bxc6 33. Rxa6 Rg5 34. g4 Rc5 35. Kg3 Rc3+ 36. Kh4 Rf3 37. g5 Rxf2 38. gxf6 Rxf6 39. Kg5 Rg6+ 40. Kf5 Ke7 41. Ra3 Bd7+ 42. Kf4 Rh6 43. Re3+ Be6 44. Kg5 Rxh3 45. Re1 h6+ 46. Kf4 Kf6 47. Ke4 Kg5 48. Ke5 Bg4 49. Kd4 f5 50. Ke5 Rh2 51. Kd4 f4 52. Kd3 Kh4 53. Ke4 f3 54. Ke3 Re2+ 55. Rxe2 fxe2 56. Kf2 Kh3 57. Ke1 Kg2 58. Kd2 Kf2 59. Kc2 e1Q 60. Kb3 Qc1 61. Kb4 Bd7 62. Ka5 Qc5+ 63. Ka6 Bc8# 0-1

[Event "Szolnok Agora op 2nd"]
[Site "Szolnok"]
[Date "2023.06.29"]
[Round "1"]
[White "Karman, Laszlo"]
[Black "Gondor, Jakab"]
[Result "0-1"]
[WhiteElo "1157"]
[BlackElo "1720"]
[PlyCount "68"]
[EventDate "2023.06.29"]
[EventType "swiss"]
[EventRounds "7"]
[EventCountry "HUN"]
[SourceTitle "EXT 2024"]
[Source "ChessBase"]
[SourceDate "2023.10.10"]
[SourceVersion "1"]
[SourceVersionDate "2023.10.10"]
[SourceQuality "1"]

1. e4 b6 2. d4 Bb7 3. Nc3 e6 4. Bd3 Nf6 5. Nf3 Bb4 6. Bd2 Bxc3 7. Bxc3 Nxe4 8. Bxe4 Bxe4 9. d5 Bxd5 10. Bxg7 Rg8 11. Qd4 Nc6 12. Qc3 Bxf3 13. Bf6 Qc8 14. Qxf3 Qb7 15. a4 Na5 16. Qd3 Rg6 17. Be5 Qxg2 18. 0-0-0 0-0-0 19. Qc3 Nc6 20. Bg3 Qe4 21. Rhe1 Qxa4 22. Kb1 Rg5 23. b3 Qb5 24. Qf3 Rf5 25. Qe4 d5 26. Qe3 a5 27. Qh6 a4 28. Kb2 axb3 29. cxb3 Na5 30. Qc1 Qxb3+ 31. Ka1 Nc4 32. Re3 Qa4+ 33. Kb1 Kb7 34. Rc3 Ra8 0-1